| 000 | 00960 am a22003135a 4500 | ||
|---|---|---|---|
| 001 | 008728280 | ||
| 005 | 20180102144549.0 | ||
| 008 | 890720s1989 enka frd 001 0 eng d | ||
| 020 | _a0273031015 | ||
| 020 | _a9780273031017 | ||
| 040 |
_aUk _cUk _beng _dEG-ScBUE |
||
| 043 | _ae-uk--- | ||
| 082 | 0 | 4 |
_a658.8700941 _222 _bJON |
| 100 | 1 |
_aJones, Gary, _d1953- |
|
| 245 | 1 | 0 |
_aRetailing / _cGary Jones. |
| 260 |
_aLondon : _bPitman, _c1989. |
||
| 300 |
_avii, 311 p. : _bill. ; _c18 cm. |
||
| 490 | 0 | _aNatwest small business bookshelf | |
| 500 | _aGlossary : p. 305-308. | ||
| 500 | _aIndex : p. 309-311. | ||
| 541 | _aDonation from David Kirby. | ||
| 650 | 7 |
_aRetail trade _zGreat Britain _xManagement. _2BUEsh _935075 |
|
| 651 | _2BUEsh | ||
| 653 |
_bGGEN _bGGEN _cJanuary2018 |
||
| 690 | 7 |
_aManagement and Business Studies _2blcoll |
|
| 830 | 0 | _aNatWest small business bookshelf. | |
| 942 | _2ddc | ||
| 999 |
_c25842 _d25814 |
||